Mechanics of materials / (Record no. 27286)
[ view plain ]
| 000 -LEADER | |
|---|---|
| fixed length control field | 01164cam a22003015a 4500 |
| 001 - CONTROL NUMBER | |
| control field | 17964936 |
| 005 - DATE AND TIME OF LATEST TRANSACTION | |
| control field | 20190324141954.0 |
| 008 - FIXED-LENGTH DATA ELEMENTS--GENERAL INFORMATION | |
| fixed length control field | 131205t2015 nyua frb 001 0 eng d |
| 010 ## - LIBRARY OF CONGRESS CONTROL NUMBER | |
| LC control number | 2013044261 |
| 020 ## - INTERNATIONAL STANDARD BOOK NUMBER | |
| International Standard Book Number | 9789814595247 |
| 020 ## - INTERNATIONAL STANDARD BOOK NUMBER | |
| International Standard Book Number | 9814595241 |
| 040 ## - CATALOGING SOURCE | |
| Original cataloging agency | DLC |
| Language of cataloging | eng |
| Transcribing agency | DLC |
| Modifying agency | EG-ScBUE |
| 082 04 - DEWEY DECIMAL CLASSIFICATION NUMBER | |
| Classification number | 620.112 |
| Item number | MEC |
| Edition number | 22 |
| 245 10 - TITLE STATEMENT | |
| Title | Mechanics of materials / |
| Statement of responsibility, etc | Ferdinand P. Beer... [et al.]. |
| 250 ## - EDITION STATEMENT | |
| Edition statement | 7th ed., SI units. |
| 260 ## - PUBLICATION, DISTRIBUTION, ETC. (IMPRINT) | |
| Place of publication, distribution, etc | New York : |
| Name of publisher, distributor, etc | Mc-Graw Hill Education, |
| Date of publication, distribution, etc | c.2015. |
| 300 ## - PHYSICAL DESCRIPTION | |
| Extent | 1 v. (various pagings) : |
| Other physical details | ill. (col.) ; |
| Dimensions | 26 cm. |
| 504 ## - BIBLIOGRAPHY, ETC. NOTE | |
| Bibliography, etc | Includes bibliographical references and index. |
| 650 #7 - SUBJECT ADDED ENTRY--TOPICAL TERM | |
| Topical term or geographic name as entry element | Strength of materials. |
| Source of heading or term | BUEsh |
| 651 ## - SUBJECT ADDED ENTRY--GEOGRAPHIC NAME | |
| Source of heading or term | BUEsh |
| 653 ## - INDEX TERM--UNCONTROLLED | |
| Resource For college | Engineering, Mechanical |
| Arrived date list | March2019 |
| 655 ## - INDEX TERM--GENRE/FORM | |
| Form subdivision | Reading book |
| 700 1# - ADDED ENTRY--PERSONAL NAME | |
| Personal name | Beer, Ferdinand P. |
| Fuller form of name | (Ferdinand Pierre), |
| Dates associated with a name | 1915-2003. |
| 9 (RLIN) | 12477 |
| 856 42 - ELECTRONIC LOCATION AND ACCESS | |
| Materials specified | Contributor biographical information |
| Uniform Resource Identifier | <a href="http://www.loc.gov/catdir/enhancements/fy1403/2013044261-b.html">http://www.loc.gov/catdir/enhancements/fy1403/2013044261-b.html</a> |
| 856 42 - ELECTRONIC LOCATION AND ACCESS | |
| Materials specified | Publisher description |
| Uniform Resource Identifier | <a href="http://www.loc.gov/catdir/enhancements/fy1403/2013044261-d.html">http://www.loc.gov/catdir/enhancements/fy1403/2013044261-d.html</a> |
| 856 41 - ELECTRONIC LOCATION AND ACCESS | |
| Materials specified | Table of contents only |
| Uniform Resource Identifier | <a href="http://www.loc.gov/catdir/enhancements/fy1403/2013044261-t.html">http://www.loc.gov/catdir/enhancements/fy1403/2013044261-t.html</a> |
| 942 ## - ADDED ENTRY ELEMENTS (KOHA) | |
| Source of classification or shelving scheme | Dewey Decimal Classification |
| Withdrawn status | Item status | Source of classification or shelving scheme | Damaged status | Not for loan | Vendor | Home library | Current library | Shelving location | Date acquired | Source of acquisition | Cost, normal purchase price | Total Checkouts | Full call number | Barcode | Date last seen | Cost, replacement price | Koha item type | Total Renewals | Date last borrowed |
|---|---|---|---|---|---|---|---|---|---|---|---|---|---|---|---|---|---|---|---|
| Dewey Decimal Classification | Baccah | Central Library | Central Library | First floor | 24/03/2019 | Purchase | 550.00 | 620.112 MEC | 000044467 | 15/07/2025 | 687.50 | NB - Book (Non borrowing) | |||||||
| Dewey Decimal Classification | Baccah | Central Library | Central Library | First floor | 24/03/2019 | Purchase | 550.00 | 2 | 620.112 MEC | 000044469 | 15/07/2025 | 687.50 | Book - Borrowing | 26 | 11/04/2021 | ||||
| Dewey Decimal Classification | Baccah | Central Library | Central Library | First floor | 24/03/2019 | Purchase | 550.00 | 2 | 620.112 MEC | 000044470 | 19/11/2024 | 687.50 | Book - Borrowing | 21 | 26/04/2021 |